A klaszterek működésének aktuális kérdései a dél-alföldi régióban

A kutatás során a Dél-Alföldön működő klasztereket vizsgáltam. Először a klaszterek fogalmát és a legfontosabb jellemzőit elemeztem. A továbbiakban röviden összefoglalom a hazai majd a Dél-Alföldön található klaszterek rövid történetét, kialakulásuk okát és a legfontosabb jellemzőit. A Pénzügyminisz...

Teljes leírás

Elmentve itt :
Bibliográfiai részletek
Szerző: Kovács Helga
Dokumentumtípus: Cikk
Megjelent: Szegedi Tudományegyetem Mérnöki Kar Szeged 2022
Sorozat:Jelenkori társadalmi és gazdasági folyamatok 17 No. 1-2
Kulcsszavak:Dél-alföldi régió - klaszter, SWOT-analízis
Tárgyszavak:
doi:10.14232/jtgf.2022.1-2.59-75

Online Access:http://acta.bibl.u-szeged.hu/77892
LEADER 03521nab a2200241 i 4500
001 acta77892
005 20221215103108.0
008 221215s2022 hu o 0|| hun d
022 |a 1788-7593 
024 7 |a 10.14232/jtgf.2022.1-2.59-75  |2 doi 
040 |a SZTE Egyetemi Kiadványok Repozitórium  |b hun 
041 |a hun 
041 |a eng 
100 1 |a Kovács Helga 
245 1 2 |a A klaszterek működésének aktuális kérdései a dél-alföldi régióban  |h [elektronikus dokumentum] /  |c  Kovács Helga 
260 |a Szegedi Tudományegyetem Mérnöki Kar  |b Szeged  |c 2022 
300 |a 59-75 
490 0 |a Jelenkori társadalmi és gazdasági folyamatok  |v 17 No. 1-2 
520 3 |a A kutatás során a Dél-Alföldön működő klasztereket vizsgáltam. Először a klaszterek fogalmát és a legfontosabb jellemzőit elemeztem. A továbbiakban röviden összefoglalom a hazai majd a Dél-Alföldön található klaszterek rövid történetét, kialakulásuk okát és a legfontosabb jellemzőit. A Pénzügyminisztérium, Gazdaságfejlesztési Programok Irányító Hatóságán belül működő Nemzetközi és Klaszter Osztály és a Dél-Alföldi Regionális Innovációs Ügynökség Közhasznú Egyesület adatbázisa alapján kerestem fel a dél-alföldi klasztereket. Először online kérdőív segítségével kérdeztem a klasztermenedzsereket a klaszterek legfőbb jellemzőiről és tevékenységéről. A kérdőív segített kiszűrni azokat a klasztereket, amelyek valódi gazdasági tevékenységet végeznek. Ezekkel a klaszterekkel félig strukturált interjút készítettem. Az online kérdőív kitöltésében 12 klaszter vett részt, majd 7 klaszter volt releváns a további kutatás szempontjából. A vizsgálat rávilágított a klaszterek sikeres működését befolyásoló legfőbb tényezőkre, illetve a működésüket megnehezítő és ellehetetlenítő okokra. A kutatás során kapott eredményeket SWOT-analízis formájában foglaltam össze. Abstract: During the research I examined the clusters operating in the Southern Great Plain. First, I analyzed the concept and key characteristics of clusters. In the following, I have briefly summarized the short history of the clusters in Hungary and then in the Southern Great Plain, the reason for their formation and the most important characteristics. I visited the Southern Great Plain clusters on the basis of the database of the International and Cluster Department within the Managing Authority of the Ministry of Finance, Economic Development Programs and the Public Benefit Association of the Southern Great Plain Regional Innovation Agency. I first used an online questionnaire to ask cluster managers about the main characteristics and activities of clusters. The questionnaire helped to filter out clusters that are engaged in real economic activity. I conducted a semi-structured interview with these clusters. Twelve clusters participated in the completion of the online questionnaire, and then seven clusters were relevant for further research. The study shed light on the main factors influencing the successful operation of the clusters, as well as the factors that make their operation difficult and impossible. The results obtained during the research were summarized in the form of a SWOTanalysis. 
650 4 |a Társadalomtudományok 
650 4 |a Szociológia 
695 |a Dél-alföldi régió - klaszter, SWOT-analízis 
856 4 0 |u http://acta.bibl.u-szeged.hu/77892/1/jelenkori_017_001-002_059-075.pdf  |z Dokumentum-elérés